LIBRARY & INFORMATION CENTRE, KCAET, TAVANUR

ONLINE PUBLIC ACCESS CATALOGUE (OPAC)

Paarthipan Kanavu (Record no. 17763)

MARC details
000 -LEADER
fixed length control field 00425nam a22001817a 4500
003 - CONTROL NUMBER IDENTIFIER
control field OSt
008 - FIXED-LENGTH DATA ELEMENTS--GENERAL INFORMATION
fixed length control field 231027b |||||||| |||| 00| 0 eng d
041 ## - LANGUAGE CODE
Language code of text/sound track or separate title mal
082 ## - DEWEY DECIMAL CLASSIFICATION NUMBER
Classification number 894.812
100 ## - MAIN ENTRY--AUTHOR NAME
Personal name Kalki
245 ## - TITLE STATEMENT
Title Paarthipan Kanavu
250 ## - EDITION STATEMENT
Edition statement 2nd
260 ## - PUBLICATION, DISTRIBUTION, ETC. (IMPRINT)
Place of publication New Delhi:
Name of publisher Sahithya Academy,
Year of publication 1961.
300 ## - PHYSICAL DESCRIPTION
Number of Pages 310pages.
650 ## - SUBJECT ADDED ENTRY--TOPICAL TERM
Topical Term Tamil Novel
700 ## - ADDED ENTRY--PERSONAL NAME
Personal name Leela Omcheri, tr.
942 ## - ADDED ENTRY ELEMENTS (KOHA)
Koha item type Books
Holdings
Withdrawn status Lost status Damaged status Home library Current library Shelving location Date acquired Cost, normal purchase price Full call number Accession Number Koha item type
Withdrawn     KAUAET Malayalam University General Stacks 27/10/2023 5.00 894.812 10254 Books
free website counter